00618nam a2200193Ia 450000500170000000800410001702000150005804000180007304100080009108200230009910000440012224501090016625000070027526000370028230000190031965000250033865000360036370000250039920220615142047.0210716s1998 xx 000 0 und d a0256241457 cAIMIT LIBRARY aeng a658.4012210bTHOA aThompson, Arthur A;Strickland III, A J. aCrafting and implementing strategy: btext and readings.cBy Arthur A. Thompson and A. J. Strickland III a10 aNew York :bMcGraw Hill ,c1998. axxii,635p.,I10 aStrategic Management aThe Three Strategy making tasks aA. J. Strickland III